| 000 | 00653nam a2200229Ia 4500 | ||
|---|---|---|---|
| 005 | 20250425162839.0 | ||
| 008 | 250425s9999 xx 000 0 und d | ||
| 020 | _a9781466563919 | ||
| 041 | _aeng | ||
| 082 |
_a388.4068 _pCED |
||
| 100 | _aCeder, Avishai | ||
| 245 | 0 |
_aPublic transit planning and operation : modeling, practice and behavior _cAvishai Ceder |
|
| 250 | _a2nd ed. | ||
| 260 |
_aBoca Raton _bCRC Press _c2016 |
||
| 300 | _a716 páginas | ||
| 650 | _aTránsito local | ||
| 650 | _aTransporte - Modelos matemáticos | ||
| 650 | _aTransporte - Planificación | ||
| 650 | _aTransporte urbano | ||
| 942 | _c01 | ||
| 010 | _a113422 | ||
| 999 |
_c237640 _d237640 |
||